000 00595nam a2200229Ia 4500
003 OSt
005 20221005125502.0
006 a|||||r|||| 00| 0
007 ta
008 221004b |||||||| |||| 00| 0 eng d
024 _a40539
037 _cTextual
040 _aCRL
_cCRL
_beng
041 _2eng
_aeng
082 _aO:6M61:18, J4
100 _aTagore Rabindranath
245 0 _aPersonality
_b Lectures delivered in America
260 _c1954
650 _aENGLISH LITERATURE
942 _hO:6M61:18, J4
_cTEXL
_2cc
999 _c1054156
_d1054156